Kelum harbeh ḳarḳaʻ tsarikh adam? / (Record no. 33035)
[ view plain ]
| 000 -LEADER | |
|---|---|
| fixed length control field | 00748cam a22002291 4500 |
| 001 - CONTROL NUMBER | |
| control field | he 68000698 |
| 003 - CONTROL NUMBER IDENTIFIER | |
| control field | DLC |
| 005 - DATE AND TIME OF LATEST TRANSACTION | |
| control field | 20260227111455.0 |
| 008 - FIXED-LENGTH DATA ELEMENTS--GENERAL INFORMATION | |
| fixed length control field | 841112s1965 is ac 000 0 heb |
| 010 ## - LIBRARY OF CONGRESS CONTROL NUMBER | |
| LC control number | he 68000698 |
| 035 ## - SYSTEM CONTROL NUMBER | |
| System control number | (OCoLC)19205810 |
| 040 ## - CATALOGING SOURCE | |
| Original cataloging agency | DLC |
| Transcribing agency | MH |
| Modifying agency | CU |
| -- | DLC |
| 041 1# - LANGUAGE CODE | |
| Language code of text/sound track or separate title | heb |
| Language code of original | rus |
| 042 ## - AUTHENTICATION CODE | |
| Authentication code | premarc |
| 050 00 - LIBRARY OF CONGRESS CALL NUMBER | |
| Classification number | PG3367.H4 |
| Item number | M6 |
| 100 1# - MAIN ENTRY--PERSONAL NAME | |
| Personal name | Tolstoy, Leo, |
| Titles and words associated with a name | graf, |
| Dates associated with a name | 1828-1910. |
| 240 10 - UNIFORM TITLE | |
| Uniform title | Mnogo li cheloveku zemli nuzhno? |
| Language of a work | Hebrew |
| 245 10 - TITLE STATEMENT | |
| Title | Kelum harbeh ḳarḳaʻ tsarikh adam? / |
| Statement of responsibility, etc. | Lev Niḳolayevits' Ṭolsṭoi ; tirgum u-mavo Yitsḥaḳ Spivaḳ. |
| 260 ## - PUBLICATION, DISTRIBUTION, ETC. | |
| Place of publication, distribution, etc. | [Tel Aviv] : |
| Name of publisher, distributor, etc. | Alef |
| Date of publication, distribution, etc. | [1965 or 1966] |
| 300 ## - PHYSICAL DESCRIPTION | |
| Extent | 61 p. : |
| Other physical details | ill., port. ; |
| Dimensions | 22 cm. |
| 500 ## - GENERAL NOTE | |
| General note | Translation of: Mnogo li cheloveku zemli nuzhno? |
No items available.